Statistics for Summer Olympics Top 10 Countries

Click here to take the quiz!

General Stats

  • This quiz has been taken 66 times
  • The average score is 31 of 36

Answer Stats

Team% Correct
Mixed Team
100%
ROC
100%
Russia
100%
United Germany
100%
Great Britain
98%
Canada
96%
China
96%
France
96%
Germany
96%
Japan
96%
United States
95%
Italy
93%
South Korea
93%
Spain
93%
Australasia
91%
Australia
91%
Sweden
91%
Netherlands
89%
Soviet Union
89%
Unified Team
89%
Greece
87%
Poland
87%
Belgium
85%
Switzerland
85%
Norway
84%
Finland
80%
Romania
78%
Austria
76%
Hungary
76%
East Germany
73%
West Germany
73%
Bulgaria
67%
Czechoslovakia
67%
Denmark
60%
Ukraine
60%
Cuba
56%

Score Distribution

Percentile by Number Answered

Percent of People with Each Score

Your Score History

You have not taken this quiz